Triedim, triediš, triedime: Analýza správania obyvateľov Slovenska a vybraných vplyvov na (ne)triedenie odpadu

Salvato in:
Dettagli Bibliografici
Autore principale: Solej, Rastislav, 1997-
Altri autori: Skýpalová, Jana, 1988-
Natura: Capitolo di libro
Lingua:slovacco
Tags: Aggiungi Tag
Nessun Tag, puoi essere il primo ad aggiungerne!!

MARC

LEADER 00000naa a2200000 4500
001 0311740
005 20250730093226.8
041 0 |a slo 
044 |a SK 
245 1 0 |a Triedim, triediš, triedime: Analýza správania obyvateľov Slovenska a vybraných vplyvov na (ne)triedenie odpadu  |c Rastislav Solej, Jana Skýpalová 
100 1 |a Solej, Rastislav, 1997- 
700 1 |a Skýpalová, Jana, 1988-